| 000 | 00607nam a2200181 i 4500 | ||
|---|---|---|---|
| 001 | 133515 | ||
| 003 | ES-MaACL | ||
| 005 | 20230906194432.0 | ||
| 007 | t| | ||
| 008 | 070817s1956 sp ||||1| spa d | ||
| 100 | 1 |
_aWolfenden, J. H. _9117249 |
|
| 245 | 1 | 0 |
_aProblemas de química física superior / _cJ. H. Wolfenden ; versión española de C. Iriarte Fernández. |
| 260 |
_aMadrid : _bAguilar, _c1956 ( _eBilbao : _fGrijelmo) |
||
| 300 |
_aXXIII, 195 p. ; _c22 cm. |
||
| 650 |
_aQuímica física- _vProblemas. _916635 |
||
| 700 | 1 |
_aIriarte Fernández, C. _965447 |
|
| 852 |
_aES-MaACL _jE-1574 _bR.38740 |
||
| 999 |
_c133515 _d133515 |
||